Which Country? #5 - Statistics

General Stats
  • This quiz has been taken 22 times
  • The average score is 5 of 10
Answer Stats
Question Answer % Correct
Which country has a non quadrilateral flag? Nepal
75%
Which country causes the most pollution? China
70%
Which country did the gingerbread house come from? Germany
70%
Which country will host the 2020 summer olympics? Japan
55%
Which country is Mt Sinai located? Saudi Arabia
55%
Which country has the world's largest number of wild tigers? India
45%
Which country does the most for climate change? Mexico
35%
Which country has vehicles that runs on poop? Sweden
35%
Which country invented polo? Iran
20%
Which country is the most multicultural? Canada
10%
No matching quizzes found
Score Distribution
Percent of People with Each Score
Percentile by Number Answered
Your Score History
You have not taken this quiz